|
|
|
|
| LEADER |
00667nam a22001937a 4500 |
| 020 |
|
|
|a 978-264-1756-8
|
| 082 |
|
|
|a 920
|b AND/K
|
| 100 |
|
|
|a എ ആന്ഡ്രൂസ്
|9 111995
|
| 100 |
|
|
|a A Andrwes
|9 111996
|
| 240 |
|
|
|a Kadalmuth
|
| 245 |
|
|
|a കടല്മുത്ത്
|
| 250 |
|
|
|a 1st
|
| 260 |
|
|
|a Kottayam;
|b D C Books;
|c 2007
|
| 300 |
|
|
|a 110p.
|
| 650 |
|
|
|a മലയാളം; ആത്മകഥ
|9 111997
|
| 650 |
|
|
|a Malayalam; Autobiography
|9 111998
|
| 942 |
|
|
|c BK
|
| 999 |
|
|
|c 55404
|d 55404
|
| 952 |
|
|
|0 0
|1 0
|4 0
|6 920_000000000000000_AND_K_P7
|7 0
|8 Mem
|9 66118
|a MAL
|b MAL
|d 2016-06-23
|e 049687
|g 55.00
|l 0
|o 920 AND/K P7
|p MAL049687
|r 2016-06-23
|t 1
|w 2016-06-23
|y BK
|